LIBRARY & INFORMATION CENTRE, KCAET, TAVANUR

ONLINE PUBLIC ACCESS CATALOGUE (OPAC)

Computer for beginners / (Record no. 79)

MARC details
000 -LEADER
fixed length control field 00458cam a2200205ua 4500
041 ## - LANGUAGE CODE
Language code of text/sound track or separate title eng
082 ## - DEWEY DECIMAL CLASSIFICATION NUMBER
Classification number 005.36
Item number JAI/CO
100 ## - MAIN ENTRY--AUTHOR NAME
Personal name Jain, V K .
245 ## - TITLE STATEMENT
Title Computer for beginners /
250 ## - EDITION STATEMENT
Edition statement 2 /
260 ## - PUBLICATION, DISTRIBUTION, ETC. (IMPRINT)
Place of publication New Delhi :
Name of publisher Pustak Mahal ,
Year of publication 1986.
300 ## - PHYSICAL DESCRIPTION
Number of Pages 151 ; .
942 ## - ADDED ENTRY ELEMENTS (KOHA)
Koha item type Books
003 - CONTROL NUMBER IDENTIFIER
control field @
003 - CONTROL NUMBER IDENTIFIER
control field OSt
Holdings
Withdrawn status Lost status Damaged status Home library Current library Date acquired Full call number Accession Number Koha item type
      KAUAET KAUAET 20/08/1986 005.36 15447 Books
free website counter